GUTS By Olivia Rodrigo: Sudden Death - Statistics

General Stats
  • This quiz has been taken 706 times
  • The average score is 10 of 16
Answers on the Grid
Answers color-coded by a green-red scale on the quiz's grid according to % correct below.
1 Step Forward 3 Steps Back
Bad Idea, Right?
Ballad Of A Homeschooled Girl
Brutal
Can't Catch Me Now
Deja Vu
Driver's License
Enough For You
Favorite Crime
Get Him Back!
Girl I've Always Been
Good 4 U
Happier
Hope Ur Ok
Jealousy, jealousy
Lacy
Logical
Love Is Embarrassing
Making The Bed
Obsessed
Pretty Isn't Pretty
Scared Of My Guitar
So American
Stranger
Teenage Dream
The Grudge
Traitor
Vampire
 
Answer Stats
Answer % Correct
Bad Idea, Right?
91%
Ballad Of A Homeschooled Girl
81%
Vampire
68%
Get Him Back!
65%
So American
64%
Lacy
63%
Making The Bed
61%
Pretty Isn't Pretty
61%
Love Is Embarrassing
60%
The Grudge
60%
Obsessed
59%
Logical
57%
Teenage Dream
56%
Girl I've Always Been
54%
Scared Of My Guitar
54%
Stranger
50%
No matching quizzes found
Score Distribution
Percent of People with Each Score
Percentile by Number Answered
Your Score History
You have not taken this quiz